| 000 | 00369nam a22001337a 4500 | ||
|---|---|---|---|
| 082 | _aP703 | ||
| 100 |
_aHassaan Ali Syn# 10 _950980 |
||
| 245 | _aSubsurface tile drainage of playing fields | ||
| 260 |
_aRisalpur, _bMCE, _c2005. |
||
| 300 |
_axi,90p. _bill. _c26cm. |
||
| 526 |
_a0 _b0 _c0 _dP_000000000000000_703 |
||
| 700 |
_aLt Col (R) Marwat _950981 |
||
| 942 |
_2ddc _cBK |
||
| 999 |
_c553720 _d553720 |
||